000 00472nam a2200157 i 4500
001 95120
003 ES-MaACL
005 20230906181635.0
007 t|
008 050523s1930 sp ||||1| spa d
100 1 _aLunas Almeida, Jesús.
_974781
245 1 0 _aHistoria del señorío de Valdecorneja en la parte referente a Piedrahita /
_cpor Jesús Luna Alméida.
260 _aAvila :
_bSenen Martín,
_c1930.
300 _a272 p. ;
_c22 cm.
852 _aES-MaACL
_jA-371
999 _c95120
_d95120